00415nam a22001577a 450000500170000001000150001702000260003203500130005803700130007108200140008410000180009824500440011626000340016027000420019430000210023620140922113304.0 aENG-110843 a9788184301717c175.00 aEN-94375 bDBAD/PUB a362.41092 aKeller, Helen aThe story of my life /cby Helen Keller aNew DelhibOcean books c2013 a4/19 Asaf Ali roadbNew Delhie110002 a128p. c22cm(Hb)